| 000 | 00577nam a22001697a 4500 | ||
|---|---|---|---|
| 999 |
_c15231 _d15231 |
||
| 003 | OSt | ||
| 082 | _2631.75807 BAB/A | ||
| 088 | _aT 130 | ||
| 100 |
_aBABU V _92818 |
||
| 245 | _aA mathematical model for sediment yield in agricultural watershed | ||
| 260 |
_aTavanur 1998 _bKelappaji College of Agricultural Engineering and Technology |
||
| 300 | _a98 | ||
| 500 | _aA mathematical model for sediment yield in agricultural watershed | ||
| 520 | _aA mathematical model for sediment yield in agricultural watershed | ||
| 700 |
_aDr. A. N Remadevi (Guide) _92819 |
||
| 942 | _cTH | ||